Лекции по русской истории профессора С. О. Платонова

Detalles Bibliográficos
Autor Principal: Платонов С. Ф. Сергей Федорович
Outros autores: Блинов И.
Idioma:ruso
Publicado: Санкт-Петербург, Сенатская типография, 1910
Edición:7-е изд.
Subjects:
Formato: Libro
KOHA link:https://koha.lib.tpu.ru/cgi-bin/koha/opac-detail.pl?biblionumber=349954

MARC

LEADER 00000nam0a2200000 4500
001 349954
005 20241126063153.0
035 |a (RuTPU)RU\TPU\retro\3283 
090 |a 349954 
100 |a 20181015d1910 m y0rusy50 ca 
101 0 |a rus 
102 |a RU 
105 |a y z 000zy 
200 1 |a Лекции по русской истории профессора С. О. Платонова  |f С. Ф. Платонов 
205 |a 7-е изд. 
210 |a Санкт-Петербург  |c Сенатская типография  |d 1910 
215 |a 664 с. 
317 |5 63413507: 99-570  |a Издал Ив. Блинов 
600 0 |a Иван Васильевич Грозный  |d IV  |c Великий князь Московский из династии Рюриковичей  |f 1530-1584  |c Царь всея Руси  |2 stltpush  |3 (RuTPU)RU\TPU\pers\1414 
600 0 |a Борис Годунов  |c русский царь с 1598 г.  |f 1552-1605  |c Борис Федорович  |2 stltpush  |3 (RuTPU)RU\TPU\pers\116 
600 0 |a Михаил Федорович  |c первый русский царь из династии Романовых (1613-1645)  |f 1596-1645  |2 stltpush  |3 (RuTPU)RU\TPU\pers\10059  |9 2151 
600 0 |a Алексей Михайлович  |c русский царь из династии Романовых (1645-1676)  |f 1629-1676  |2 stltpush  |3 (RuTPU)RU\TPU\pers\10058  |9 2150 
600 0 |a Федор Алексеевич  |c русский царь из династии Романовых (1676-1682)  |f 1661-1682  |2 stltpush  |3 (RuTPU)RU\TPU\pers\10060  |9 2152 
600 0 |a Петр Великий  |d I  |f 1672-1725  |c российский царь из династии Романовых (1682-1725)  |c первый российский император  |2 stltpush  |3 (RuTPU)RU\TPU\pers\365 
600 0 |a Анна Леопольдовна  |c правительница России при малолетнем сыне Иване VI из династии Романовых  |f 1718-1746  |c дочь царевны Екатерины Иоанновны, внучка Ивана V  |2 stltpush  |3 (RuTPU)RU\TPU\pers\11229 
600 0 |a Елизавета Петровна  |f 1709-1761/1762  |c российская императрица из династии Романовых (1741-1762)  |c дочь Петра I  |2 stltpush  |3 (RuTPU)RU\TPU\pers\6024 
600 0 |a Петр  |d III  |c российский император из династии Романовых (1761-1762)  |f 1728-1762  |c немецкий принц Карл Петр Ульрих  |c внук Петра I  |2 stltpush  |3 (RuTPU)RU\TPU\pers\364 
600 0 |a Екатерина Великая  |d II  |f 1729-1796  |c российская императрица (1762-1796)  |c урожденная принцесса Софья Фредерика Августа Ангальт-Цербстская  |2 stltpush  |3 (RuTPU)RU\TPU\pers\98 
600 0 |a Павел  |d I  |f 1754-1801  |c российский император из династии Романовых (1796-1801)  |2 stltpush  |3 (RuTPU)RU\TPU\pers\358 
600 0 |a Александр  |d I  |c российский император из династии Романовых (1801-1825)  |f 1777-1825  |2 stltpush  |3 (RuTPU)RU\TPU\pers\8 
600 0 |a Николай  |d I  |c российский император из династии Романовых (1825-1855)  |f 1796-1855  |2 stltpush  |3 (RuTPU)RU\TPU\pers\7201 
606 |a Россия  |x История  |7 ca  |8 rus  |2 stltpush  |3 (RuTPU)RU\TPU\subj\64777  |9 81526 
610 1 |a историография 
610 1 |a источники 
610 1 |a летописи 
610 1 |a Киевская Русь 
610 1 |a Суздальско-Владимирская Русь 
610 1 |a Новгород 
610 1 |a Московское княжество 
610 1 |a Московское государство 
610 1 |a Смутное время 
610 1 |a реформы 
610 1 |a культура 
610 1 |a славяне 
610 1 |a политика 
686 |a Т3(2)я7  |v LBC/SL-A  |2 rubbk 
700 1 |a Платонов  |b С. Ф.  |c российский историк  |f 1860-1933  |g Сергей Федорович  |2 stltpush  |3 (RuTPU)RU\TPU\pers\8143  |9 1581 
702 1 |a Блинов  |b И.  |4 650 
801 1 |a RU  |b 63413507  |c 20181015 
801 2 |a RU  |b 63413507  |c 20181017  |g RCR 
942 |c BK